[Event "Novosibirsk Sukharev Memorial op"]
[Site "Novosibirsk"]
[Date "2012.07.24"]
[Round "7"]
[White "Fedorenko, Viktor"]
[Black "Shestakov, Alexey"]
[Result "1/2-1/2"]
[WhiteElo "1827"]
[BlackElo "1806"]
[PlyCount "60"]
[EventDate "2012.07.18"]
[EventType "swiss"]
[EventRounds "9"]
[EventCountry "RUS"]
[SourceTitle "EXT 2013"]
[Source "ChessBase"]
[SourceDate "2012.11.22"]
[SourceVersion "1"]
[SourceVersionDate "2012.11.22"]
[SourceQuality "1"]

1. c4 Nf6 2. Nc3 Nc6 3. d4 d5 4. cxd5 Nxd5 5. e4 Nxc3 6. bxc3 g6 7. d5 Ne5 8. f4 Nd7 9. Rb1 Nc5 10. Qd4 Nxe4 11. Bb5+ Bd7 12. Qxh8 Nf6 13. Nf3 Bxb5 14. Rxb5 Qd7 15. c4 0-0-0 16. Ne5 Qf5 17. 0-0 Bh6 18. Qxd8+ Kxd8 19. Nxf7+ Ke8 20. Nxh6 Qh5 21. d6 Qxh6 22. dxc7 Kd7 23. Rd1+ Kxc7 24. Rc5+ Kb6 25. Be3 Ka6 26. h3 Qh4 27. Rd3 Qe1+ 28. Kh2 Ng4+ 29. hxg4 Qh4+ 30. Kg1 Qe1+ 1/2-1/2

[Event "Novosibirsk Sukharev Memorial op"]
[Site "Novosibirsk"]
[Date "2012.07.24"]
[Round "8"]
[White "Shestakov, Alexey"]
[Black "Vasiliev, Igor2"]
[Result "1-0"]
[WhiteElo "1806"]
[BlackElo "1732"]
[PlyCount "63"]
[EventDate "2012.07.18"]
[EventType "swiss"]
[EventRounds "9"]
[EventCountry "RUS"]
[SourceTitle "EXT 2013"]
[Source "ChessBase"]
[SourceDate "2012.11.22"]
[SourceVersion "1"]
[SourceVersionDate "2012.11.22"]
[SourceQuality "1"]

1. Nf3 d5 2. g3 e6 3. Bg2 Nf6 4. 0-0 Be7 5. d4 0-0 6. Nc3 Nbd7 7. b3 c5 8. Bb2 b6 9. e3 Ba6 10. Re1 Rc8 11. Ne2 Ne4 12. Nd2 Nxd2 13. Qxd2 Qc7 14. Rac1 c4 15. e4 dxe4 16. Bxe4 Nf6 17. Bg2 cxb3 18. axb3 Rfd8 19. c4 Bb7 20. Bxb7 Qxb7 21. Nf4 Qf3 22. Re3 Qg4 23. Re5 Bd6 24. h3 Qf3 25. Qe3 Qc6 26. Rg5 h6 27. d5 Qe8 28. Rxg7+ Kxg7 29. Nh5+ Kg6 30. Nxf6 Qe7 31. Qe4+ Kg7 32. Qh7+ 1-0

[Event "Novosibirsk Sukharev Memorial op"]
[Site "Novosibirsk"]
[Date "2012.07.21"]
[Round "4"]
[White "Shestakov, Alexey"]
[Black "Solomin, Vyacheslav"]
[Result "0-1"]
[WhiteElo "1806"]
[BlackElo "1987"]
[PlyCount "56"]
[EventDate "2012.07.18"]
[EventType "swiss"]
[EventRounds "9"]
[EventCountry "RUS"]
[SourceTitle "EXT 2013"]
[Source "ChessBase"]
[SourceDate "2012.11.22"]
[SourceVersion "1"]
[SourceVersionDate "2012.11.22"]
[SourceQuality "1"]

1. d4 d5 2. c4 e6 3. e3 Nf6 4. Nc3 b6 5. Nf3 Bb7 6. a3 Nbd7 7. Be2 Be7 8. 0-0 0-0 9. b4 a5 10. b5 c5 11. a4 Rc8 12. cxd5 cxd4 13. dxe6 dxe3 14. exd7 Nxd7 15. Qc2 Re8 16. Nd4 Ne5 17. f4 Qd5 18. Nf3 Ng4 19. Rd1 Qc5 20. Ng5 Nf6 21. Rd3 h6 22. Nf3 Nd5 23. Kh1 Bf6 24. Rxe3 Nb4 25. Rxe8+ Rxe8 26. Qb3 Bd5 27. Qa3 Bc4 28. Nd4 Bxd4 0-1